000
00195 a2200097 4500
001
55094
100
_a
245
_a
Air traffic services
260
_a
_b
_c
2001
090
_c
34160
_d
34160
942
_a
NUST-CAE
_c
MONOGRAPH
_c
26848
999
_c
290167
_d
290167